[Event "Banff op"]
[Site "Banff"]
[Date "2021.11.13"]
[Round "4"]
[White "Cater, Brendan"]
[Black "Pivovarov, Juraj"]
[Result "1-0"]
[WhiteElo "1607"]
[BlackElo "1903"]
[PlyCount "75"]
[EventDate "2021.11.12"]
[EventType "swiss"]
[EventRounds "6"]
[EventCountry "CAN"]
[SourceTitle "CBM 205 Extra"]
[Source "ChessBase"]
[SourceDate "2022.01.31"]
[SourceVersion "1"]
[SourceVersionDate "2022.01.31"]
[SourceQuality "1"]

1. d4 Nf6 2. Nf3 g6 3. c4 Bg7 4. g3 0-0 5. Nc3 d5 6. cxd5 Nxd5 7. Bd2 c5 8. e4 Nxc3 9. Bxc3 Bg4 10. d5 Bxc3+ 11. bxc3 Qa5 12. Qd3 Nd7 13. Be2 Bh3 14. Ng5 Bg2 15. Rg1 h6 16. Rxg2 hxg5 17. f4 f6 18. e5 Kg7 19. e6 Nb6 20. Bf3 Rad8 21. Rd1 Rd6 22. Rgd2 Rfd8 23. Qc2 c4 24. Qe4 Qxc3 25. Kf2 f5 26. Qe5+ Qxe5 27. fxe5 c3 28. exd6 cxd2 29. dxe7 Rh8 30. Rxd2 Kf6 31. d6 Kxe6 32. Bxb7 Kd7 33. Ba6 Kc6 34. a4 Nxa4 35. d7 Rxh2+ 36. Ke1 Rxd2 37. Bb5+ Kxb5 38. Kxd2 1-0